000 00628nam a2200229Ia 4500
005 20260429112307.0
008 260429s9999||||xx |||||||||||||| ||und||
020 _a9789392586255
041 _aEnglish
082 _a371.33
_bMIS
100 _aMishra, Mishra
245 0 _aDigital education in the 21st century /
_cMishra Mishra
260 _aJaipur :
_bAadi Publications,
_c2024.
300 _aix, 223 p.; hb
650 _a Educational technology
650 _a E-learning
650 _a Higher education
650 _a Online learning
650 _a Teaching methods
650 _aDigital education
942 _cTB
999 _c53354
_d53354